El tratado hispano-frances /

Guardado en:
Autor Principal: Maura Y Gamazo, Gabriel
Formato: Libro
Publicado: Huelva : Imp.de Agustin Moreno Garrido, 1912
Materias:
Etiquetas: Agregar Etiqueta
Sin Etiquetas, Sea el primero en etiquetar este registro!
LEADER 00500nam a22001575a 4500
001 EHU.bham012521
003 AR-BHAM
005 20100223145752.0
008 130507s1912##################000#0#####d
082 9 4 |a 946.08 
100 1 |a Maura Y Gamazo, Gabriel 
245 1 0 |a El tratado hispano-frances /  |c Gabriel Maura Y Gamazo 
260 |a Huelva :  |b Imp.de Agustin Moreno Garrido,  |c 1912 
300 |a 48 p. 
653 |a Historia de espaÑa-1868-1931 
859 |a AR-BHAM  |b BIB. HUMANIDADES - General  |h 946.08  |i M445-1  |p 354.65  |t Ej.1